000 00245nam a2200097Ia 4500
005 20251222114402.0
008 251222s1900||||xx |||||||||||||| ||spa||
082 _aDVD0080/T48
245 0 _aLos caƱones de Navarone:The guns of Navarone
942 _cDVD
999 _c1682
_d1682